000 00550nam a2200193Ia 4500
003 GCL
008 140319s9999 xx 000 0 ara d
040 _aGCL /
_cGCL
082 0 4 _aط
_b916.621
_bس ن
100 1 _aاسماعيل عبدالفتاح
245 1 0 _aنهر النيل /
_cاسماعيل عبدالفتاح
300 _a32 ص
490 _aسلسلة رموز مصرية
_v0
650 0 4 _aالاطفال
650 0 4 _aنهر النيل
650 0 4 _aالسد العالى
650 0 4 _aالازهر الشريف
942 _2ddc
_cBK
999 _c51481
_d51481